000 00812cam a22002054a 4500
005 20250605164220.0
008 250528s ||||||||||||||||||||||||d
035 _a20631
020 _a9603901342
040 _aGR-AtMCL
_bgre
_dGR-AtMCL
_eAACR2
245 1 _aΒασικές Λειτουργίες Ξενοδοχειακών Μονάδων / Επισιτισμός - Τμήμα Πωλήσεων
260 _bInterbooks,
_c2004
300 _a256
520 _aΛειτουργία Εστιατορίου - Εστιατορική Τέχνη - Βασικά Στοιχεία Λειτουργίας Μπάρ - Δεξιώσεις - Συνέδρια.
700 1 _aΜάρας Αθανάσιος Γ
700 1 _aΝικητόπουλος Στάθης
_96210
942 _cBK
999 _c5721
_d5721